Energy-efficient LED irradiator for greenhouse cropping; IOP Conference Series: Materials Science and Engineering; Vol. 156 : Materials and Technologies of New Generations in Modern Materials Science

Bibliographische Detailangaben
Parent link:IOP Conference Series: Materials Science and Engineering
Vol. 156 : Materials and Technologies of New Generations in Modern Materials Science.— 2016.— [012044, 5 p.]
Körperschaft: Национальный исследовательский Томский политехнический университет (ТПУ) Институт физики высоких технологий (ИФВТ) Кафедра лазерной и световой техники (ЛиСТ)
Weitere Verfasser: Grechkina T. V. Tatiana Valerievna, Korepanov V. I. Vladimir Ivanovich, Omarkhan A. Sh., Turanov S. B. Sergey Borisovich
Zusammenfassung:Title screen
The paper presents the results of modeling and calculation of highly directional optimal light intensity curve (LIC). The authors proved the effectiveness of using the calculated LIC for lighting of greenhouse plants. A method for placing fixtures with LIC in a typical greenhouse was recommended.
Sprache:Englisch
Veröffentlicht: 2016
Schlagworte:
Online-Zugang:http://dx.doi.org/10.1088/1757-899X/156/1/012044
http://earchive.tpu.ru/handle/11683/36550
Format: MixedMaterials Elektronisch Buchkapitel
KOHA link:https://koha.lib.tpu.ru/cgi-bin/koha/opac-detail.pl?biblionumber=651482

MARC

LEADER 00000nla2a2200000 4500
001 651482
005 20241002112611.0
035 |a (RuTPU)RU\TPU\network\16731 
035 |a RU\TPU\network\16727 
090 |a 651482 
100 |a 20161114a2016 k y0engy50 ba 
101 0 |a eng 
105 |a y z 100zy 
135 |a drcn ---uucaa 
181 0 |a i  
182 0 |a b 
200 1 |a Energy-efficient LED irradiator for greenhouse cropping  |f T. V. Grechkina [et al.] 
203 |a Text  |c electronic 
300 |a Title screen 
320 |a [References: 13 tit.] 
330 |a The paper presents the results of modeling and calculation of highly directional optimal light intensity curve (LIC). The authors proved the effectiveness of using the calculated LIC for lighting of greenhouse plants. A method for placing fixtures with LIC in a typical greenhouse was recommended. 
461 0 |0 (RuTPU)RU\TPU\network\2008  |t IOP Conference Series: Materials Science and Engineering 
463 0 |0 (RuTPU)RU\TPU\network\16647  |t Vol. 156 : Materials and Technologies of New Generations in Modern Materials Science  |o International Conference and Youth Scientific School, 9–11 June 2016, Tomsk, Russia  |o [proceedings]  |f National Research Tomsk Polytechnic University (TPU)  |v [012044, 5 p.]  |d 2016 
610 1 |a электронный ресурс 
610 1 |a труды учёных ТПУ 
610 1 |a энергосберегающие светильники 
610 1 |a энергосберегающие лампы 
610 1 |a теплицы 
610 1 |a сельскохозяйственные культуры 
610 1 |a интенсивность 
610 1 |a освещение 
701 1 |a Grechkina  |b T. V.  |c Specialist in the field of lightning engineering  |c Associate Professor of Tomsk Polytechnic University, Candidate of physical and mathematical sciences  |f 1977-  |g Tatiana Valerievna  |3 (RuTPU)RU\TPU\pers\37538  |9 20407 
701 1 |a Korepanov  |b V. I.  |c specialist in the field of lightning engineering  |c Professor of Tomsk Polytechnic University, Doctor of physical and mathematical sciences  |f 1947-  |g Vladimir Ivanovich  |3 (RuTPU)RU\TPU\pers\33774  |9 17372 
701 1 |a Omarkhan  |b A. Sh. 
701 1 |a Turanov  |b S. B.  |c specialist in the field of lightning engineering  |c Associate Professor of Tomsk Polytechnic University, Candidate of Technical Sciences  |f 1990-  |g Sergey Borisovich  |y Tomsk  |3 (RuTPU)RU\TPU\pers\31579  |9 15739 
712 0 2 |a Национальный исследовательский Томский политехнический университет (ТПУ)  |b Институт физики высоких технологий (ИФВТ)  |b Кафедра лазерной и световой техники (ЛиСТ)  |3 (RuTPU)RU\TPU\col\18690 
801 2 |a RU  |b 63413507  |c 20170330  |g RCR 
856 4 |u http://dx.doi.org/10.1088/1757-899X/156/1/012044 
856 4 |u http://earchive.tpu.ru/handle/11683/36550 
942 |c CF